| 000 | 00580nam a2200229 i 4500 | ||
|---|---|---|---|
| 001 | bg | ||
| 100 | 1 | _aIHLE, Claus | |
| 245 | 0 |
_aLüftung und Luftheizung / _cClaus Ihle. |
|
| 250 | _a3., neubearb. und erweit. Aufl. | ||
| 260 |
_aDüsseldorf : _bWerner, _c1977. |
||
| 490 | 1 |
_aDer Heizungsingenieur ; _vBd. 3 |
|
| 650 | 9 | _aKlimatyzacja | |
| 650 | 9 | _aOgrzewanie | |
| 830 | _aDer Heizungsingenieur ; | ||
| 020 | _a3804121098 | ||
| 040 | _cBPK | ||
| 041 | _apol | ||
| 080 | _a697 | ||
| 920 | _a3-8041-2109-8 | ||
| 942 | _cKS | ||
| 008 | s pl f |000 0 pol | ||
| 999 |
_c21059 _d21059 |
||
| 856 |
_uhttp://koha.tu.koszalin.pl/cgi-bin/koha/opac-detail.pl?biblionumber=21059 _yKatalog online BPK |
||